000 00578nab a2200181 4500
001 244442
003 OSt
005 20250414073555.0
007 tu
008 200917s2020|||||||
040 _aDE-2950
_cDE-2950
245 0 0 _aKindheitstraum erfüllt
_bNachruf. Der Bildhauer Walter kreise starb mit 95 Jahren. Zahlreiche Kunstwerke in der Stadt erinnern an den bescheidenen Mann/
_cjko
264 _c2024
653 _aFrankfurt (Oder)
653 _aWalter Kreisel
773 0 _g36. Jahrgang (2025) Nr. 77 vom 1.04.2025, S. 15 mit Foto
_tMärkische Oderzeitung
942 _2z
_cA
999 _c373691
_d373691